| 000 | 01131nam a2200397 a 4500 | ||
|---|---|---|---|
| 003 | AR-BaBNM | ||
| 005 | 20251128204820.0 | ||
| 008 | 082120s2002 ||||||||||||||000 | spa|| | ||
| 020 | _a84-85859-57-X | ||
| 040 | _cAR-BaBNM | ||
| 100 | 1 | _aGiménez-Frontín, José Luis | |
| 245 | 0 | 0 |
_aEl surrealismo _ben torno al movimiento bretoniano |
| 250 | _a1ª ed. | ||
| 260 |
_aBarcelona _bMontesinos _c1991 |
||
| 300 |
_a137 p. _bfacsím., il. |
||
| 490 | 0 |
_aBiblioteca de divulgación temática _vv. 21 |
|
| 500 | _aCronología del capítulo 1: p. 17-18 | ||
| 500 | _aCronología del movimiento surrealista: p. 41-47 | ||
| 504 | _aBibliografía en p. 135-137 | ||
| 600 | 1 | 4 | _aBreton, Andre |
| 650 | 4 | _aSIGLO VEINTE | |
| 650 | 4 | _aLITERATURA | |
| 650 | 4 | _aCRITICA LITERARIA | |
| 650 | 4 | _aFILOSOFIA LITERARIA | |
| 650 | 4 | _aHISTORIA LITERARIA | |
| 650 | 4 | _aESTILO LITERARIO | |
| 650 | 4 | _aHISTORIA EUROPEA | |
| 650 | 4 | _aHISTORIA CULTURAL | |
| 650 | 4 | _aPINTURA | |
| 650 | 4 | _aANALISIS LITERARIO | |
| 650 | 4 | _aCRISIS CULTURAL | |
| 653 | _aSURREALISMO | ||
| 655 | _aLITERATURA | ||
| 942 | _cBK | ||
| 998 | _cGLORIA | ||
| 999 |
_c8943 _d8943 |
||